10 minute guide to windows NT workstation 4.0

Bibliographic Details
Main Author: Plumley, Sue
Format: Book
Published: Indiana : QUE Corporation , 1996
Subjects:

MARC

LEADER 00000cam a2200000 7i4500
001 0000006866
002 000007398
005 20080130.0
020 |a 0789708701 
090 0 0 |a 005.44   |b PLU 
100 1 |a Plumley, Sue 
245 1 0 |a 10 minute guide to windows NT workstation 4.0   |c Sue Plumley 
260 |a Indiana :   |b QUE Corporation ,   |c 1996 
300 |a 210 p. :   |b ill. ;   |c 21 cm. 
650 0 0 |a Microsoft Windows NT 
999 |a 052670   |b BUKU   |c PINJAMAN   |e PERPUSTAKAAN KOMUNITI PETALING JAYA 
999 |a 052671   |b BUKU   |c PINJAMAN   |e PERPUSTAKAAN KOMUNITI PETALING JAYA